L'Hérault en images - Statistiques

Statistiques générales
  • Ce quiz a été pris 387 fois
    385 depuis la dernière actualisation
  • Le résultat moyen est 9 sur 18
Statistiques - réponses
Par images Hint Réponse % Correct
Spécialité Locale {Moules} de Bouzigues
91%
Ancienne région Languedoc-Roussillon
82%
Place Place de La Comédie
79%
Station Balnéaire La Grande-Motte
70%
Pic Pic Saint-Loup
67%
Ville Béziers
65%
Lac Lac du Salagou
59%
Monument Arc de Triomphe
56%
Pont Pont du Diable
55%
Fleuve Le Lez
50%
Cirque Cirque de Navacelles
37%
Mont Mont Saint-Clair
37%
Ville Lodève
36%
Village Saint-Guilhem-le-Désert
34%
Homme politique Georges Frêche
31%
Immeuble L'Arbre Blanc
28%
Grotte Grotte des Demoiselles
27%
Attraction Touristique Europark Vias
21%
Aucun quiz correspondant
Distribution des résultats
% des personnes avec chaque résultat
Percentile par nombre de réponses
Votre historique - résultats
Vous n’avez pas pris ce quiz depuis la dernière actualisation